Derechos fundamentales

Bibliographic Details
Main Author: Landa Arroyo, César
Format: eBook
Language:Spanish
Published: Lima: Palestra Editores, 2018
Subjects:
Online Access:Acceso restringido

MARC

LEADER 00000nam a22000007a 4500
005 20190815124942.0
007 cr|||| ||||
008 190815s2018 pe |||||s|||| 00||0 spa d
020 |a 978-612-325-054-6 
035 |a 24070 
040 |a vLex 
090 |c 9202  |d 9202 
100 1 |a Landa Arroyo, César 
245 1 0 |a Derechos fundamentales  |h [Recurso electrn̤ico] /  |c César Landa Arroyo 
256 |a Servicio en ln̕ea 
260 |a Lima:  |b Palestra Editores,  |c 2018 
300 |a 1 recurso electrn̤ico 
506 1 |a Disponible solo en los productos indicados  |d vLex Global  |d vLex Global (Academic Edition, excluding Law Schools)  |d vLex Global (U.S. Academic Edition, Law Schools)  |d vLex Global (U.S. Academic Edition, excluding Law Schools)  |d vLex Global (Academic Edition, Law Schools) 
650 0 4 |a Derecho Internacional  |z Per︢ 
740 0 |a vLex Libros (Servicio en ln̕ea) 
856 4 0 |u http://vlex.com/source/derechos-fundamentales-24070  |z Acceso restringido 
942 |c BOOK 
999 0 |a International right